| 000 | 00949nam a2200217Ia 4500 | ||
|---|---|---|---|
| 008 | 0000002006 usa 0000000000eng00 | ||
| 090 | _aPUS00 B79r | ||
| 100 | 1 |
_aBryden, Lewis _d1944 |
|
| 245 | 1 | 0 |
_aRostros de México _b: informal mexican portraits by Lewis Bryden _c/ photographs by Stephen Petegorsky |
| 300 |
_a[20] p. _c/ 21 cm. |
||
| 500 | _aExposición realizada en casa Frela Gallery, New York, 2006 \ Texto bilingue: español e inglés \ Con el patronazgo del maestro venezolano Jesús Rafael Soto (q.e.p.d.) \ Registro auspiciado por el IDCT. Bogotá | ||
| 600 | 0 | 0 |
_aBRYDEN, LEWIS, 1944/ _xTRABAJOS PICTORICOS |
| 650 | 1 | 4 | _aANATOMIA HUMANA EN LA PINTURA |
| 650 | 1 | 4 | _aARTE CONTEMPORANEO ESTADOUNIDENSE |
| 650 | 1 | 4 | _xCATALOGOS |
| 650 | 1 | 4 | _xEXPOSICIONES |
| 650 | 1 | 4 | _aPINTORES ESTADOUNIDENSES |
| 650 | 1 | 4 | _aPINTURA ESTADOUNIDENSE |
| 700 | 1 | _aPetegorsky, Stephen | |
| 999 |
_c4156 _d4156 |
||
| 260 |
_aNew York : Casa Frela Gallery _c2006 |
||